Central Library OPAC University of Rajshahi

Modern algebra and trigonometry / (Record no. 69945)

MARC details
000 -LEADER
fixed length control field 00812nam a2200253 4500
001 - CONTROL NUMBER
control field 69945
003 - CONTROL NUMBER IDENTIFIER
rucl marc code BD-RjUL
005 - DATE AND TIME OF LATEST TRANSACTION
control field 20211209081940.0
008 - FIXED-LENGTH DATA ELEMENTS--GENERAL INFORMATION
fixed length control field 170415s1970bos xxua|||| |||| 00| 0 eng d
035 ## - SYSTEM CONTROL NUMBER
System control number (BD-RjUL)70157
040 ## - CATALOGING SOURCE
Original cataloging agency BD-RjUL
Language of cataloging eng
Transcribing agency BD-RjUL
Modifying agency BD-RjUL
041 ## - LANGUAGE CODE
Language code of text/sound track or separate title eng
082 ## - DEWEY DECIMAL CLASSIFICATION NUMBER
Edition number 23
Classification number 512
Author mark and year DOM 1970
100 1# - MAIN ENTRY--PERSONAL NAME
Personal name Dolciani, Mary P
9 (RLIN) 205799
245 10 - TITLE STATEMENT
Title Modern algebra and trigonometry /
Statement of responsibility, etc. Mary P Dolciani; William Wooton; Simon L Berman
260 ## - PUBLICATION, DISTRIBUTION, ETC. (IMPRINT)
Place of publication, distribution, etc. Boston :
Name of publisher, distributor, etc. Houghton Mifflin,
Date of publication, distribution, etc. ©1973.
300 ## - PHYSICAL DESCRIPTION
Pagination 644 p. :
Illustrations ill. ;
Size 27 cm.
490 ## - SERIES STATEMENT
Series statement Houghton Mifflin modern mathematics series.
650 ## - SUBJECT ADDED ENTRY--TOPICAL TERM
Topical term or geographic name as entry element Algebra.
9 (RLIN) 207170
700 ## - ADDED ENTRY--PERSONAL NAME
Personal name Berman, Simon L
Personal name Wooton, William
830 ## - SERIES ADDED ENTRY--UNIFORM TITLE
Uniform title Houghton Mifflin modern mathematics series.
942 ## - ADDED ENTRY ELEMENTS (KOHA)
Source of classification or shelving scheme Dewey Decimal Classification
Koha item type Books
Holdings
Lost status Source of classification or shelving scheme Damaged status Not for loan Collection code Permanent Location Current Location Shelving location Date acquired Source of acquisition Cost, normal purchase price Total Checkouts Full call number Date last seen Copy number Koha item type
  Dewey Decimal Classification   Not For Loan Non-fiction Central Library, University of Rajshahi Central Library, University of Rajshahi Reading Room 07/03/1974 Canada 0.00   512 DOM 1970 15/04/2017 C-1 Books